小田急電鉄の乗降客数ランキング - Statistics

General Stats
  • This quiz has been taken 23 times
  • The average score is 32 of 70
Answer Stats
何位か 路線 Answer % Correct
1位 小田原線 新宿
100%
2位 小田原線 代々木上原
100%
3位 小田原線 町田
90%
5位 江ノ島線 藤沢
90%
4位 小田原線 登戸
86%
8位 小田原線 下北沢
86%
6位 小田原線 海老名
81%
7位 小田原線 本厚木
81%
9位 複数路線 相模大野
81%
10位 複数路線 新百合ヶ丘
81%
11 江ノ島線 大和
81%
12 江ノ島線 中央林間
81%
13 江ノ島線 湘南台
81%
14 小田原線 経堂
76%
15 小田原線 成城学園前
76%
17 小田原線 向ヶ丘遊園
52%
18 小田原線 小田原
52%
24 多摩線 小田急多摩センター
52%
16 小田原線 鶴川
48%
19 小田原線 千歳船橋
43%
20 小田原線 小田急相模原
43%
22 小田原線 伊勢原
43%
33 江ノ島線 長後
43%
36 江ノ島線 南林間
43%
40 多摩線 小田急永山
43%
56 多摩線 唐木田
43%
21 小田原線 祖師ヶ谷大蔵
38%
23 小田原線 愛甲石田
38%
25 小田原線 狛江
38%
28 小田原線 秦野
38%
29 小田原線 東海大学前
38%
61 多摩線 はるひ野
38%
69 小田原線 南新宿
38%
70 小田原線 足柄
38%
26 小田原線 生田
33%
27 小田原線 玉川学園前
33%
30 小田原線 相武台前
33%
35 小田原線 喜多見
33%
39 小田原線 豪徳寺
33%
42 江ノ島線 高座渋谷
33%
44 多摩線 栗平
33%
45 小田原線 百合ヶ丘
33%
47 江ノ島線 東林間
33%
49 小田原線 厚木
33%
50 江ノ島線 片瀬江ノ島
33%
51 江ノ島線 桜ヶ丘
33%
52 小田原線 座間
33%
53 小田原線 代々木八幡
33%
54 江ノ島線 鵠沼海岸
33%
57 小田原線 鶴巻温泉
33%
58 小田原線 参宮橋
33%
60 小田原線 開成
33%
62 多摩線 五月台
33%
64 多摩線 黒川
33%
66 小田原線 栢山
33%
67 小田原線 富水
33%
68 小田原線 螢田
33%
31 小田原線 柿生
29%
32 小田原線 梅ヶ丘
29%
34 小田原線 読売ランド前
29%
37 江ノ島線 鶴間
29%
38 江ノ島線 六会日大前
29%
41 江ノ島線 善行
29%
43 小田原線 渋沢
29%
46 江ノ島線 藤沢本町
29%
48 小田原線 新松田
29%
55 小田原線 和泉多摩川
29%
59 江ノ島線 本鵠沼
29%
63 小田原線 世田谷代田
29%
65 小田原線 東北沢
29%
No matching quizzes found
Score Distribution
Percent of People with Each Score
Percentile by Number Answered
Your Score History
You have not taken this quiz